Lettres de vente efficaces <un> guida concis et pratique pour rédiger de bonnes lettres de vente

Guardado en:
Detalles Bibliográficos
Formato: Libro
Lenguaje:francés
Publicado: Thalwil-Zürich Emil Oesch 1945
Etiquetas: Agregar Etiqueta
Sin Etiquetas, Sea el primero en etiquetar este registro!

MARC

LEADER 00000nam a2200000 4500
001 0267802
005 20240822101710.5
041 0 |a fre 
044 |a CH 
245 1 0 |a Lettres de vente efficaces  |b <un> guida concis et pratique pour rédiger de bonnes lettres de vente  |c Emil Oesch, J. Alber 
264 1 |a Thalwil-Zürich  |b Emil Oesch  |c 1945